La Estatuaria cívica: el caso de Costa Rica siglos XIX y XX /
Ante la degradación del significado histórico y simbólico de los monumentos escultóricos instalados en espacios públicos, se hace urgente fomentar el análisis del patrimonio cultural y los símbolos e íconos que evocan el pasado en el presente. Por ello, el presente trabajo pretende abordar la import...
Saved in:
| Main Author: | |
|---|---|
| Format: | Text |
| Subjects: | |
| Tags: |
Add Tag
No Tags, Be the first to tag this record!
|
MARC
| LEADER | 00000 a a2200000 04500 | ||
|---|---|---|---|
| 001 | 15294 | ||
| 003 | |||
| 040 | |||
| 100 | |a Brenes Tencio, Guillermo | ||
| 245 | |a La Estatuaria cívica: |b el caso de Costa Rica siglos XIX y XX / |c Guillermo Brenes Tencio | ||
| 520 | |a Ante la degradación del significado histórico y simbólico de los monumentos escultóricos instalados en espacios públicos, se hace urgente fomentar el análisis del patrimonio cultural y los símbolos e íconos que evocan el pasado en el presente. Por ello, el presente trabajo pretende abordar la importancia del examen de la estatutaria cívica y los rituales asociados a su develización. En específico, nos ubicamos en el caso costarricense a fines del siglo XIX y principios del siglo XX. /dpa | ||
| 650 | |a LUGARES Y MONUMENTOS HISTORICOS | ||
| 650 | |a NACIONALISMO | ||
| 650 | |a IDENTIDAD CULTURAL | ||
| 650 | |a EDUCACION CIVICA | ||
| 650 | |a PATRIMONIO CULTURAL | ||
| 650 | |a SOBERANIA | ||
| 650 | |a HISTORIA | ||
| 650 | |a PUB/IIS | ||
| 773 | |g número 96 (II); páginas 9-21 | ||
| 999 | |c 34126 |d 34126 | ||
| 773 | 0 | |0 18728 |9 3041 |a Universidad de Costa Rica |d San José, Costa Rica Editorial UCR 1956- |o 17111 |t Revista de Ciencias Sociales/ |x 04825276 | |
